Statistics for Friends A-Z The Sequel

Click here to take the quiz!

General Stats

  • This quiz has been taken 337 times
  • The average score is 19 of 26

Answer Stats

LetterHintAnswer% Correct
CMonica's OccupationChef
97%
BWhat Ross claims he and Rachel were on when he slept with the girl from the copy placeBreak
97%
WWhat Rachel is wearing in her very first sceneWedding Dress
92%
DPhoebe's scientist guyDavid
91%
FWhat Frank Jr names one of the tripletsFrank Jr Jr
89%
HIn Las Vegas, Joey finds his Identical.....Hand Twin
89%
VWhat the Friends watch, that proves Rachel came on to Ross, not the other way roundVideotape
88%
EChandler's psycho room mate after Joey moves outEddie
86%
UA total state of awareness, or a type of SushiUnagi
86%
MWhere Phoebe's scientist guy moves toMinsk
83%
TWhat Ross bleaches before a dateTeeth
82%
QWhen Ross asks Emily to marry him, you could say he pops the....Question
82%
NFirst name of Chandler's mother, Mrs BingNora
81%
LItem of clothing Ross wears as part of his New Years ResolutionLeather Pants
76%
SWhat Monica thinks Chandler has a fetish forSharks
75%
YWhat Rachel and Monica mistake Danny for when they meet himYeti
75%
JName of Rachel's boyfriend in Season 4Joshua
74%
PNetwork that Phoebe hatesPBS
64%
ZSurname of Rachel's boss who she inadvertently kisses in her interviewZelner
63%
AItem of furniture Rachel buys from Pottery Barn, which she claims is from a flea marketApothecary Table
61%
GRoss and Monica's family newsletterGeller Yeller
58%
OMovie that Phoebe's over protective mother wouldn't let her watch the end ofOld Yeller
57%
KChandler's ex room mate, pre JoeyKip
54%
RAnimal that Joey claims is responsible for things when he can't lieRaccoon
50%
XMovie that comes on Chandler and Joey's Big TV that Phoebe gets excited about. Olivia Newton-John is in itXanadu
36%
IOne of the categories in the game where Monica and Rachel lose their apartmentIt's All Relative
35%

Score Distribution

Percentile by Number Answered

Percent of People with Each Score

Your Score History

You have not taken this quiz